[Event "Rochefort op 4th"]
[Site "Rochefort"]
[Date "2005.02.17"]
[Round "5.2"]
[White "Karpatchev, Aleksandr"]
[Black "Prie, Eric"]
[Result "0-1"]
[WhiteElo "2461"]
[BlackElo "2439"]
[Annotator "Prie,E"]
[PlyCount "62"]
[EventDate "2005.02.16"]
[EventType "swiss"]
[EventRounds "7"]
[EventCountry "FRA"]
[SourceTitle "CBM 109"]
[Source "ChessBase"]
[SourceDate "2005.11.14"]
[SourceVersion "1"]
[SourceVersionDate "2005.11.14"]
[SourceQuality "1"]

1. e4 d5 2. exd5 Qxd5 3. Nc3 Qa5 4. d4 Nf6 5. Nf3 Ne4 6. Bc4 $5 {As it is
relatively new, everything is interesting.} Nxc3 7. Qd2 b6 $5 8. bxc3 Ba6 9.
Ne5 (9. Bxa6 Qxa6 10. Ne5 Nd7 11. Nxd7 Kxd7 12. Qf4 Qc4) 9... Bxc4 (9... e6 $5
10. Bxa6 (10. O-O Bd6) (10. Qf4 Qxc3+ 11. Kd1 Bxc4 12. Qxf7+ Kd8 13. Bg5+ Kc8
14. Qe8+ Kb7) 10... Nxa6 11. Qf4 f6 $1 (11... Qxc3+ $2 12. Bd2 Qxa1+ 13. Ke2
Qxh1 14. Qxf7+ Kd8 15. Qd7#) 12. Qf3 Qd5 {I missed that move which permits
Black to equalize.}) 10. Nxc4 Qd5 11. Ne3 Qd7 12. O-O g6 {The move that stands
at the heart of the black idea : If he manages to castle without getting mated,
then he will enjoy a superior pawn structure.} 13. Qe2 (13. Re1 Bg7 14. Nc4 O-O
15. Ba3 (15. Ne5 Qd6) 15... Re8 {Just in time.}) 13... Bg7 14. Qf3 (14. Re1 O-O
15. Ng4 $5) 14... Nc6 15. d5 Ne5 16. Qe2 f5 $1 {White's fine strategy falls
through with this forgotten move.} 17. Re1 O-O-O $1 (17... O-O $5 18. Nc4 Nf7
$1 19. Qxe7 Qxd5 20. Qxc7 $2 Rfc8) 18. a4 $2 {[#]} (18. Bb2 f4 19. Nd1 e6 $1 (
19... f3 20. Qa6+ Kb8 21. c4 Qg4 22. Ne3) (19... Qxd5 $2 20. c4) 20. dxe6 Qxe6
$17 21. c4 $2 Rhe8) 18... f4 $1 19. a5 $2 (19. Nc4 f3 $1 20. gxf3 (20. Nxe5
fxe2 21. Nxd7 Rxd7 22. Rxe2 Bxc3 23. Ra3 Rxd5 24. f3 Bf6) 20... Nxc4 21. Qxc4
Qxd5 22. Qa6+ Qb7 $17) (19. Nd1 {was the most stubborn} f3 20. Qa6+ Kb8 21. Bf4
Qxd5 22. a5 Qc4 23. Qxc4) 19... b5 $1 {Without the check on a6, White's
position is now collapsing for having only relied, in this 'morning game', on}
(19... fxe3 $2 20. Bxe3 Nf7 (20... Qxd5 21. Bd4 (21. axb6 axb6)) 21. axb6 cxb6
22. Bxb6 $1 axb6 23. Ra8+ Kb7 24. Qa6+ Kc7 25. Ra7+ Kd6 26. Qxb6+) 20. a6 fxe3
{There is no compensation for the 'sacrificed' piece.} 21. Qxe3 (21. Bxe3 Nc4
22. Bxa7 Bxc3) 21... Kb8 22. Rd1 Nc4 23. Qc5 Ka8 24. Bf4 e5 25. Bg5 Rb8 26. d6
c6 27. Be7 Rhe8 28. Rab1 Rb6 29. Ra1 Bf8 30. h3 Bxe7 31. dxe7 Qxe7 0-1

[Event "POL-chT 66th"]
[Site "Katowice"]
[Date "2010.09.10"]
[Round "7"]
[White "Navara, David"]
[Black "Hera, Imre Jr"]
[Result "1-0"]
[WhiteElo "2722"]
[BlackElo "2586"]
[Annotator "Primel,D"]
[PlyCount "121"]
[EventDate "2010.09.04"]
[EventType "team-tourn"]
[EventRounds "9"]
[EventCountry "POL"]
[SourceTitle "EXT 2016"]
[Source "ChessBase"]
[SourceDate "2015.10.08"]
[SourceVersion "1"]
[SourceVersionDate "2015.10.08"]
[SourceQuality "1"]
[WhiteTeam "Katowice Szopienice"]
[BlackTeam "Szkola Grudziadz"]
[WhiteTeamCountry "POL"]
[BlackTeamCountry "POL"]

1. e4 d5 2. exd5 Qxd5 3. Nc3 Qd6 {La variante Tiviakov mais le premier
théoricien à l'utiliser était le MI Pytel dans les années 70.} (3... Qa5) (
3... Qd8) 4. d4 Nf6 5. Nf3 c6 (5... a6 {L'alternative} 6. g3 Bg4) 6. g3 {
[%cal Gc1f4] Très populaire depuis quelques années} (6. h3 g6 7. Bd3 Bg7 8.
O-O O-O 9. Re1 Re8 (9... Nbd7) 10. Bg5 Nbd7 11. Qd2 e6 12. Ne5 Qf8 13. a3 Nd5
14. Nxd5 exd5 15. Ng4 Nb6 16. Rxe8 Qxe8 17. Re1 Be6 18. Nf6+ Bxf6 19. Bxf6 Nd7
20. Bg5 Qf8 21. Qf4 Qb8 22. Qh4 Qf8 23. f4 Qg7 24. c3 Kh8 25. Kh1 Re8 26. f5
gxf5 27. Bxf5 Rg8 28. Bd3 f6 29. Rxe6 fxg5 30. Qe1 Rf8 31. Re7 Rf7 32. Rxd7 {
1-0 (32) Guseinov,G (2614)-Tiviakov,S (2662) Nakhchivan 2015}) (6. Ne5 {
La grande ligne} Nbd7 7. Nc4 (7. Bf4 {[%cal Gf4d6]} Nd5 8. Nxd5 Qxd5) (7. f4
Nb6 8. g4 Nbd5 9. Bg2 g6 10. g5 Nxc3 11. bxc3 Nd7 12. O-O h6 13. Qf3 $13 {
Svidler,P (2730)-Zolotukhin,V (2338) RUS-chT Olginka 2011 (7) 1-0}) 7... Qc7 8.
Qf3 (8. g3 {[%cal Gc1f4]})) 6... Bg4 {[%cal Ge7e6]} 7. Bg2 e6 8. O-O (8. h3
Bxf3 (8... Bh5 9. Bf4 $14) 9. Bxf3 (9. Qxf3 $5 $146 {Le gambit est peut-être
jouable} Qxd4 10. Be3 (10. Nb5 $6 cxb5 11. Qxb7 Bb4+) 10... Qb4 (10... Qd8 11.
Rd1 Qc7 12. O-O $44) 11. O-O-O $44) 9... Be7 10. O-O O-O 11. Ne2 Nbd7 12. c3
Qc7 13. Bg2 a6 14. Qb3 b5 {Van Kampen,R (2636)-Tiviakov,S (2656) Canadian op
51st 2014 (5) 1/2}) 8... Be7 9. Bf4 (9. h3 {L'alternative gardant le thème
Bf4 en option} Bxf3 10. Bxf3 (10. Qxf3 Qxd4 11. Nb5 Qb6 12. c4 $1 {[%cal Gc1e3]
}) 10... O-O) 9... Qd8 (9... Qb4 10. Qd2 Nbd7 11. Rfe1 {Provotorov,I (2408)
-Ponkratov,P (2579) Voronezh op-A 13th 2009 (2) 1-0} (11. a3)) 10. h3 Bh5 (
10... Bxf3 11. Qxf3 O-O (11... Qxd4 12. Nb5 $40) 12. Ne2 Nbd7 13. c4 Re8 14. g4
$36 {Socko,B (2637)-Tiviakov,S (2697) Wroclaw Polonia op 4th 2009 (4) 1-0}) 11.
g4 $1 {Gagne la paire de B et l'ouverture de la colonne "h" ne donne pas
suffisamment de contre-jeu} (11. Qd2) 11... Bg6 12. Ne5 {[%csl Ge5,Rg6][%cal
Gh3h4,Gh4h5]} Nbd7 13. Nxg6 (13. Qe2 $5 {[%cal Ga1d1]} Nxe5 14. dxe5 Nd7 15.
Ne4 (15. Rad1) 15... Bxe4 $1 16. Qxe4 O-O 17. Rad1 Qc7 {Alsina Leal,D (2529)
-Tiviakov,S (2674) Politiken Cup 31st 2009 (4) 1-0}) 13... hxg6 14. Ne2 $1 {
[%cal Gc2c4]} Nb6 15. Qd3 Nbd5 (15... Bd6 $142 {Plus souple} 16. Rfe1 (16. c4
Bxf4 17. Nxf4 Qc7) (16. Qg3 Bxf4 17. Qxf4 Nbd5 $11)) 16. Be5 b5 {[%csl Rc6]} (
16... a5 17. c4 $14) 17. c3 O-O 18. b3 Bd6 19. c4 bxc4 20. bxc4 Ne7 21. Rad1
$32 (21. Rfd1 $5 {[%cal Ga1b1]}) 21... Qc7 22. f4 $1 Rad8 (22... Rfd8 {[%cal
Ga8b8]}) 23. Nc3 Bxe5 $6 {Après cet échange, les Noirs commencent à manquer
d'espace et l'aile-roi sera mal défendue} 24. fxe5 Nd7 25. Ne4 $16 {[%csl Gd6]
} c5 $8 {Une tentative de réaction au centre} 26. Ng5 $1 {[%csl Rg8][%cal
Gd3g3,Gg3h4]} cxd4 27. Qg3 f6 28. Nxe6 $40 Qxe5 29. Qxe5 Nxe5 30. g5 (30. c5 {
Plus naturel}) 30... Nxc4 31. gxf6 gxf6 (31... Nf5 $5 {[%cal Gf5e3]}) 32. Nxf8
Kxf8 33. Rxf6+ Kg7 34. Ra6 Ne3 35. Rd3 Rd7 36. Be4 {[%csl Rg6]} N7f5 37. Rda3
$1 {Gagne non seulement un P mais l'échange de la Rd7 priverait les Noirs de
tout contre-jeu.} Kh6 {Evite l'échange des R mais le K Noir est assez mal
placé.} 38. Rxa7 Rd8 $8 39. Ra8 Rd7 40. Kf2 (40. R3a7 $5 {[%csl Rh6][%cal
Ga8h8]}) 40... Rc7 41. Bxf5 Nxf5 42. Rd3 Kg5 43. Kf3 Rc2 44. Ra6 Rh2 45. Ke4
Re2+ 46. Kf3 $1 {"Ne pas se presser en finale", un vieux principe de Dvoretsky}
Rh2 47. Ke4 Re2+ 48. Kd5 Kf4 49. a4 Re5+ 50. Kc4 Ke4 {[%cal Gf5e3]} 51. Rd2 g5
52. Rf6 Ke3 53. Rd3+ Ke4 54. Rxf5 $1 {Une petite combinaison pour transposer
en finale de R avec un P de plus} Kxf5 55. Rxd4 Re3 56. Rd5+ Ke4 (56... Kf6 57.
Rd3 {[%cal Gd3a3]}) 57. Rxg5 Rxh3 58. a5 Ra3 59. Kb5 {[%csl Re4]} Rb3+ 60. Kc6
Kd4 61. a6 1-0

[Event "FRA-ch 58 Championnat"]
[Site "Belfort"]
[Date "1983.08.13"]
[Round "3"]
[White "Bernard, Christophe"]
[Black "Goldenberg, Richard"]
[Result "1-0"]
[WhiteElo "2335"]
[BlackElo "2325"]
[Annotator "Primel,D"]
[PlyCount "63"]
[EventDate "1983.08.12"]
[EventType "tourn"]
[EventRounds "15"]
[EventCountry "FRA"]
[EventCategory "2"]
[SourceTitle "EXT 2016"]
[Source "ChessBase"]
[SourceDate "2015.10.08"]
[SourceVersion "1"]
[SourceVersionDate "2015.10.08"]
[SourceQuality "1"]
[TimeControl "40/9000:16/5400:0"]

1. e4 d5 2. exd5 Nf6 3. d4 Nxd5 (3... Bg4 {La variante belgo portugaise est
devenue populaire à la fin des années 80}) 4. Nf3 Bg4 5. h3 Bh5 6. g4 (6. c4
Nb6) 6... Bg6 7. Ne5 Nc6 (7... Nd7 8. Nxg6 hxg6 9. Bg2 $14) 8. Nxg6 hxg6 9. c4
$146 (9. Bg2 Qd6 {Timoscenko,G-Gipslis,A URS-chT Armies 1975 1-0} (9... e6 10.
c4 Nb6 11. c5 (11. O-O))) 9... Ndb4 $1 {[%csl Re1] Les Noirs veulent essayer
de profiter de l'avance de développement} 10. d5 (10. a3 $5 Qxd4 11. Qe2 (11.
axb4 Qe4+) 11... Na6 12. Be3 Qe5 13. Bg2 Nc5 14. Nc3 O-O-O $132) 10... Nd4 {
[%csl Rc2]} 11. Na3 e5 $1 12. Be3 c5 {[%csl Gd4]} 13. Bg2 Bd6 $132 {Les
pièces Noires sont plus actives} 14. O-O a6 15. Bxd4 $6 exd4 $6 (15... cxd4
$142 {Il semble plus sain de ne pas ouvrir la colonne "e" car le K Noir est
bloqué au centre.} 16. c5 Bxc5 17. Nc4 Rc8 $13) 16. Nb1 Qf6 $6 {[%cal Gf6f4]
Les Noirs brûlent le vaisseau car le Nb4 n'a plus de case de fuites} (16... a5
$8 17. a3 (17. Re1+) 17... Na6 18. Re1+ Kf8 $13 {[%csl Gh8][%cal Gb1d2,Gd2e4]})
17. Re1+ $1 {[%cal Gg1f1] Non seulement les Noirs sont déroqués mais le Kg1
gagne une case de fuite.} Kd7 (17... Kf8 18. a3) 18. a3 Qf4 19. Kf1 Rxh3 (19...
Nxd5 20. cxd5 (20. Bxd5 Rxh3 21. Bxb7 Rah8 (21... Rd8 22. Qa4+ Kc7 23. Qc6+)
22. Qa4+ Kc7 23. Qc6+ Kb8 24. Qxa6 (24. Nd2 d3 {[%csl Rf1]}) (24. Ke2 Rb3)
24... Rh1+) 20... Rae8 $13) 20. Bxh3 Rh8 21. Bg2 Rh2 22. Qf3 $18 {Provoque des
échanges et l'attaque Noire s'essoufle} Nc2 23. Qxf4 Bxf4 24. Re4 Bc1 25. Ra2
d3 26. Nc3 {Les Blancs ont terminé le développement et les Noirs pouvaient
abandonner.} f5 27. Re6 Rh8 28. Rxg6 Re8 29. Re6 Rxe6 30. dxe6+ Kxe6 31. gxf5+
Kxf5 32. Be4+ 1-0

[Event "Sautron op qual 19th"]
[Site "Sautron"]
[Date "2019.08.31"]
[Round "6.2"]
[White "Abergel, Thal"]
[Black "Delorme, Alban"]
[Result "1-0"]
[WhiteElo "2471"]
[BlackElo "2308"]
[Annotator "Primel,D"]
[PlyCount "67"]
[EventDate "2019.08.30"]
[EventType "swiss"]
[EventRounds "6"]
[EventCountry "FRA"]
[SourceTitle "EXT 2021"]
[Source "ChessBase"]
[SourceDate "2020.10.23"]
[SourceVersion "1"]
[SourceVersionDate "2020.10.23"]
[SourceQuality "1"]
[TimeControl "5400+30"]

1. e4 d5 2. exd5 Qxd5 3. Nc3 Qd6 {Une idée de Tiviakov qui a eu des bons
résultats pendant plusieurs années} (3... Qa5) 4. d4 g6 {Une ligne
secondaire un peu risquée} (4... Nf6) (4... c6) ({Pertinent:} 4... Nf6 5. Nf3
g6 6. Nb5 Qd8 7. c4 c6 8. Nc3 Bg4 9. Be2 Bg7 10. h3 Bxf3 11. Bxf3 Nbd7 12. O-O
O-O 13. Re1 Re8 14. Bf4 e6 15. Qc2 Nb6 16. Qd3 Nfd7 17. Rad1 e5 18. dxe5 Bxe5
19. Bxe5 Nxe5 20. Rxe5 Qxd3 21. Rxe8+ Rxe8 22. Rxd3 Nxc4 23. Ne4 Re7 24. b3 Ne5
25. Rd8+ Kg7 26. Kf1 b6 27. Nd6 Nxf3 28. gxf3 Kf6 29. Nc4 c5 30. a4 Kg5 31. Kg2
f5 32. Kg3 Re1 33. f4+ Kh6 34. Ne5 {Caruana,F (2819)-Nakamura,H (2754) Paris
2019 1-0}) 5. Nb5 (5. Nf3 Nf6 6. Nb5 Qb6 (6... Qd8 7. Bf4 Na6 8. c4)) 5... Qd8
6. c4 Bg7 7. Nf3 Bg4 {Semble trop risqué} (7... Nf6 $142 {Plus solide} 8. Be2
O-O 9. O-O c6 10. Nc3 Bg4 11. Ne5 Bxe2 12. Qxe2 Nbd7 13. Rd1 {Et l'avantage
Blanc est moins important que dans la partie}) 8. Nc3 c6 {Il est souvent
important de contrôler la case "d5" dans la scandinave mais au risque d'un
retard de développement.} 9. Be3 e5 10. d5 Ne7 {Le signe que la position
Noire n'est pas trés saine} 11. h3 $1 {La position est ouverte et le gain de
la paire de B est important en particulier avec un P passé} Bxf3 12. Qxf3 O-O
13. O-O-O $1 {[%cal Gd1d5]} Qa5 14. Kb1 Nf5 15. Ne4 $1 {[%csl Ge4][%cal Gd5d6]
Le Ne4 est trés fort} Na6 16. g4 $1 {Donne la paire de B mais le Ne4 est
renforcé} Nxe3 17. fxe3 cxd5 18. cxd5 Rac8 (18... Rfd8 19. Be2 Rxd5 20. Rxd5
Qxd5 21. Nf6+) 19. Bxa6 $1 {Une bonne décision pratique pour accélérer le
développement} Qxa6 20. g5 f5 21. gxf6 Bxf6 22. d6 $36 {[%csl Rf6][%cal Ge4f6]
Gagne un tempo important} Bg7 23. Qg4 $1 {[%cal Gg4c8,Gg4e6]} Qc4 24. d7 {
Comme souvent le P passé doit être poussé} Qc2+ (24... Rcd8 25. Nf6+ {
[%cal Gg4c4]}) 25. Ka1 Rcd8 26. Rc1 $1 Qd3 27. Rhd1 $40 {La partie est
exemplaire sur le thème des gains de temps sur l'adversaire. Du 22ème au
27ème coup, le GMI a gagné 3 tempis!} Qxe3 28. Qe6+ Kh8 29. Qd5 Rf4 $6 {
Perd un tempo} 30. Rc8 Rff8 31. Rxd8 Rxd8 32. Nd6 Rxd7 33. Nf7+ Rxf7 34. Qxf7 {
Une belle démonstration technique sur le maniement du P passé} 1-0

[Event "FRA-ch 58 Championnat"]
[Site "Belfort"]
[Date "1983.08.24"]
[Round "12"]
[White "Preissmann, Emmanuel"]
[Black "Goldenberg, Richard"]
[Result "1-0"]
[WhiteElo "2360"]
[BlackElo "2325"]
[Annotator "Primel,D"]
[PlyCount "75"]
[EventDate "1983.08.12"]
[EventType "tourn"]
[EventRounds "15"]
[EventCountry "FRA"]
[EventCategory "2"]
[SourceTitle "EXT 2004"]
[Source "ChessBase"]
[SourceDate "2003.11.25"]
[SourceVersion "1"]
[SourceVersionDate "2003.11.25"]
[SourceQuality "1"]

1. e4 d5 2. exd5 Nf6 3. d4 Nxd5 4. g3 $5 {Peu joué mais très solide} (4. c4) (
4. Nf3) 4... g6 5. Bg2 Bg7 6. Nf3 (6. Ne2) 6... O-O 7. O-O Bg4 (7... c5 8. dxc5
Na6) 8. h3 Bxf3 (8... Bf5) 9. Qxf3 $14 c6 (9... e6 10. Nd2 Bxd4 11. Nb3 Bg7 12.
c4 Nb6 13. Qxb7) 10. Rd1 Nd7 11. c4 N5b6 12. Qb3 Qc7 13. a4 $1 $146 {[%csl Rb6]
} (13. Nc3 e5 14. c5 Nc8 15. d5 Nxc5 16. Qc4 Nd7 17. Nb5 Qa5 18. dxc6 Ncb6 19.
Qe2 bxc6 20. Bxc6 Rad8 21. Bd2 Qa6 22. Bb4 Rfe8 23. Qf1 Bf8 24. Nc7 Qxf1+ 25.
Kxf1 Bxb4 26. Nxe8 Rxe8 27. Bxd7 Nxd7 {Ciric,D-Thorbergsson,F/Havana 1966/MCD/
1-0 (35)}) 13... Rad8 (13... a5) 14. a5 $14 Nc8 15. Nc3 e5 16. Bg5 $1 f6 {
[%cal Gb3g8]} (16... Bf6 $143 17. Bxf6 Nxf6 18. dxe5 Qxe5 19. Qxb7 $16) 17. Be3
f5 $6 {[%csl Rg8]} (17... Kh8) 18. dxe5 Bxe5 19. f4 Bf6 20. a6 $1 {[%csl Ra7,
Rb7]} b6 21. c5+ $1 Kg7 22. cxb6 Ndxb6 23. Rxd8 Rxd8 24. Rd1 c5 $5 {[%csl Rd5]}
25. Rxd8 Qxd8 26. Bxc5 Bd4+ $2 {l'échange expose beaucoup le K noir sur les
cases noires.} (26... Qd3 27. Kh2 Qxa6 28. Qe6 Qc4 29. Bf8+ Kxf8 30. Qxf6+ Kg8
31. Qe5 $16) 27. Bxd4+ Qxd4+ 28. Kh2 Qe3 29. Qb4 h6 30. Nb5 Qe6 31. Qc3+ Kg8
32. Nc7 Qe7 33. Nd5 Qd8 34. Qc6 Kg7 $4 (34... Nxd5 $8 35. Bxd5+ Kh8) 35. Nxb6
Nxb6 36. Qb7+ Qd7 37. Bc6 Qf7 38. Be8 $1 1-0

[Event "EU-Cup 27th"]
[Site "Rogaska Slatina"]
[Date "2011.09.26"]
[Round "2"]
[White "Pavasovic, Dusko"]
[Black "Bauer, Christian"]
[Result "1/2-1/2"]
[WhiteElo "2561"]
[BlackElo "2631"]
[Annotator "Prusikin,M"]
[PlyCount "67"]
[EventDate "2011.09.25"]
[EventType "team-swiss"]
[EventRounds "7"]
[EventCountry "SLO"]
[SourceTitle "CBM 145"]
[Source "ChessBase"]
[SourceDate "2011.11.11"]
[SourceVersion "1"]
[SourceVersionDate "2011.11.11"]
[SourceQuality "1"]
[WhiteTeam "Ptuj"]
[BlackTeam "Taldea Gros Xake"]
[WhiteTeamCountry "SLO"]
[BlackTeamCountry "ESP"]

{[%evp 0,67,24,8,42,35,54,47,47,55,63,47,51,49,51,28,76,66,62,47,47,38,57,65,
95,59,9,31,31,25,25,27,27,-24,6,-36,-36,-39,-39,-32,-38,-28,-18,0,-27,-27,-20,
-13,-32,-64,-65,-63,-75,-74,-70,-70,-80,-78,-57,-75,-80,-75,-11,-22,0,0,0,0,0,
0]} 1. e4 d5 2. exd5 Qxd5 3. Nc3 Qa5 4. d4 Nf6 5. Bc4 Bg4 6. Nge2 Nc6 7. f3 (7.
Bd2 $1 {is the more precise move order:} O-O-O 8. f3 $16 {leads to the game,
avoiding 7...Be6, for example:} Be6 9. Ne4 $1 $146 Qb6 $8 10. Bxe6+ fxe6 11.
Ng5 $16) 7... Bh5 $6 (7... Be6 $5 {strangly enough, this move seems to be
sufficient for equality} 8. Bxe6 fxe6 9. O-O O-O-O 10. Qd3 e5 11. Qf5+ Rd7 12.
dxe5 Qxe5 13. Qxe5 Nxe5 $11 {0-1 (43) Vehi Bach,V (2321)-Munoz Pantoja,M (2459)
Montcada 2013}) 8. Bd2 O-O-O 9. Nb5 $6 (9. a3 $1 {is close to a forced win:}
Nxd4 10. Nxd4 Rxd4 11. Nb5 Qb6 12. Nxd4 Qxd4 13. Qe2 Qxb2 14. O-O e6 15. Bb4 (
15. Rab1 $5 Bc5+ 16. Kh1 $146 (16. Be3 $2 Qe5 $11 {0-1 (40) Stets,D (2427)
-Poetsch,H (2351) Senden 2009}) 16... Qd4 17. Bg5 $16) 15... Nd7 16. Qd2 Bc5+
17. Bxc5 Nxc5 18. Qe3 Qb6 19. Kh1 Nd7 20. Qc3 f6 21. Rab1 Qc6 22. Qb4 Nb6 23.
Bb3 Qd7 24. Qa5 Bg6 25. Qxa7 Re8 26. a4 Qc6 27. Rfe1 Nd5 28. Bxd5 exd5 29. Qa8+
Kd7 30. Rxe8 Bxe8 31. Re1 Bg6 32. Qf8 Qd6 33. Qg8 b6 34. h4 d4 35. h5 Bxh5 36.
Qxg7+ Kc8 37. Qxh7 Qd5 38. Re7 Qc5 39. Qe4 Kd8 40. Re6 Bf7 41. Rxf6 {1-0 (41)
Pirs,M (2539)-Montgomery,R (2296) ICCF email 2012}) 9... Qb6 10. a4 a5 11. Ra3
Bg6 $1 12. c3 e5 $1 13. Rb3 {[#]} exd4 $5 {the queen sacrifice is not forced -
but perfectly playable!} 14. Nd6+ Bxd6 15. Rxb6 dxc3 16. bxc3 cxb6 17. Nd4 (17.
Be3 $2 Bg3+ (17... Bc5 18. Qc1 Bxe3 19. Qxe3 Rhe8 20. Qf4 Nd5 21. Bxd5 Rxd5 22.
Kf2 Ne5 23. Kg3 Nd3 24. Qg4+ f5 25. Qc4+ Rc5 26. Qa2 Ne5 27. h4 Bf7 28. Qb1 Nc4
29. Nd4 Bg6 30. Qc1 Ne3 31. Qb2 Nd5 32. Nb5 f4+ 33. Kh2 Kb8 34. Rd1 Ne3 35. Rd4
Nf1+ 36. Kg1 Ng3 37. Rd1 Rce5 38. Qd2 Bd3 39. Qxd3 Re1+ 40. Kh2 {1-0 (40)
Feuerstack,A (2418)-Lubbe,N (2451) Lueneburg 2013}) 18. hxg3 Rxd1+ 19. Kxd1 Ne5
$15) (17. O-O $5 Bc5+ 18. Kh1 Rd6 19. Qc1 Ne5 20. Bb5 Bd3 $11) 17... Bc5 18.
Be3 Rhe8 19. Kf2 Ne5 20. Bb5 {[#]} Neg4+ $5 {not necesserily the best move,
rather a "primus inter pares", but the most beautiful one!} (20... Nd5 $5 21.
Bd2 (21. Bxe8 Nd3+ $1 22. Qxd3 $8 (22. Kg3 Nxe3 $19) 22... Bxd3 23. Bxf7 b5 $17
) 21... Nc6 $5 22. Bxc6 bxc6 23. Re1 $11) 21. fxg4 Ne4+ 22. Kf3 Nxc3 23. Qd2 {
[#]} Rxe3+ $1 24. Kxe3 $1 (24. Qxe3 $5 {leads to a difficult endgame for white:
} Be4+ 25. Kg3 Bxd4 26. Qc1 Be5+ 27. Kf2 Kb8 28. Re1 f6 $15 {despite the small
material advantage white faces difficult times here}) 24... Rxd4 25. Qxd4 Nd5+
$1 (25... Bxd4+ 26. Kxd4 Nxb5+ 27. axb5 $14) 26. Kf3 Bxd4 27. Rd1 Be4+ $1 {
One more time Bauer choses the most spectaular way!} (27... Nc3 28. Rxd4 Nxb5
29. axb5 f6 $11) 28. Kxe4 $1 Nc3+ 29. Kxd4 Nxd1 {[#]} {The last act of the
drama: black is two pawns up, is he going to win?} 30. h3 $1 {No! The (half)
trapped knight saves the day for white!} Kc7 31. Kd3 Kd6 32. Kd2 Nf2 33. Ke3
Nd1+ 34. Kd2 1/2-1/2